Detalles MARC
| 000 -LEADER |
| fixed length control field |
01995 am a2200505 a 4500 |
| 005 - FECHA ULTIMA MODIFICACION |
| control field |
20240508102314.0 |
| 008 - CAMPO DE CONTROL (LIBRO) |
| fixed length control field |
100429s2011||||ag a f |||| 001 0 spa d |
| 020 ## - INTERNATIONAL STANDARD BOOK NUMBER |
| ISBN |
9786077743187 |
| 041 ## - CODIGO DE IDIOMA |
| Código de idioma del texto/pista de sonido o título separado |
spa |
| 092 ## - SIGNATURA TOPOGRAFICA DEWEY LOCAL |
| número de clasificación |
574.8 |
| libristica |
39 |
| sección |
INT |
| 245 ## - TITULO PROPIAMENTE DICHO |
| Título |
Introducción a la biología celular / |
| Mención de responsabilidad y remanente de la transcripción de la portada |
Bruce Alberts |
| 250 ## - MENCION DE EDICION |
| Mención de edición |
3a ed. |
| Mención de responsabilidad relacionada con la ed. |
Traducción Gabriela López ; Andrea Méndez ; Adriana Morando ; Jorge Negrete y Silvia Rondinone |
| 260 ## - PIE DE IMPRENTA |
| Lugar de publicación, distribución, etc |
México: |
| Nombre de la editorial, distribuidor, etc |
Editorial Médica Panamericana; |
| Fecha de publicación |
2011. |
| 300 ## - DESCRIPCION FISICA |
| Extension |
732 p. |
| 500 ## - NOTA GENERAL |
| Nota general |
Alberts, B. et al. (2011). Introducción a la biología celular. (3a ed.). México : Editorial Médica Panamericana. |
| 590 ## - NOTAS LOCALES (RLIN) |
| Nota local |
Ej.2 inv.2289 Donación editorial Mayo 2011. Compra 2011 |
| 653 ## - TÉRMINO INDIZADO - PALABRAS CLAVES |
| Palabra clave |
Componentes químicos de las células |
| 653 ## - TÉRMINO INDIZADO - PALABRAS CLAVES |
| Palabra clave |
Energía, catálisis y biosíntesis |
| 653 ## - TÉRMINO INDIZADO - PALABRAS CLAVES |
| Palabra clave |
Estructura y función de las proteinas |
| 653 ## - TÉRMINO INDIZADO - PALABRAS CLAVES |
| Palabra clave |
DNA y cromosomas |
| 653 ## - TÉRMINO INDIZADO - PALABRAS CLAVES |
| Palabra clave |
Replicación, reparación y recombinación del DNA |
| 653 ## - TÉRMINO INDIZADO - PALABRAS CLAVES |
| Palabra clave |
Del DNA a la proteína: cómo leen el genoma las células |
| 653 ## - TÉRMINO INDIZADO - PALABRAS CLAVES |
| Palabra clave |
Control de la expresión génica |
| 653 ## - TÉRMINO INDIZADO - PALABRAS CLAVES |
| Palabra clave |
Cómo evolucionan los genes y los genomas |
| 653 ## - TÉRMINO INDIZADO - PALABRAS CLAVES |
| Palabra clave |
Análisis de genes y genomas |
| 653 ## - TÉRMINO INDIZADO - PALABRAS CLAVES |
| Palabra clave |
Estructura de la membrana |
| 653 ## - TÉRMINO INDIZADO - PALABRAS CLAVES |
| Palabra clave |
Transporte de membrana |
| 653 ## - TÉRMINO INDIZADO - PALABRAS CLAVES |
| Palabra clave |
Cómo las células obtienen energía de los alimentos |
| 653 ## - TÉRMINO INDIZADO - PALABRAS CLAVES |
| Palabra clave |
Generación de energía en mitocondrias y cloroplastos |
| 653 ## - TÉRMINO INDIZADO - PALABRAS CLAVES |
| Palabra clave |
Compartimientos y transporte intracelulares |
| 653 ## - TÉRMINO INDIZADO - PALABRAS CLAVES |
| Palabra clave |
Comunicación celular |
| 653 ## - TÉRMINO INDIZADO - PALABRAS CLAVES |
| Palabra clave |
Citoesqueleto |
| 653 ## - TÉRMINO INDIZADO - PALABRAS CLAVES |
| Palabra clave |
Ciclo de división celular |
| 653 ## - TÉRMINO INDIZADO - PALABRAS CLAVES |
| Palabra clave |
Sexo y genética |
| 653 ## - TÉRMINO INDIZADO - PALABRAS CLAVES |
| Palabra clave |
Comunidades celulares: tejidos, células madre y cáncer |
| 700 1# - ENTRADAS SECUNDARIAS - NOMBRE PERSONAL |
| Nombre personal |
Alberts, Bruce |
| 9 (RLIN) |
8 |
| 700 1# - ENTRADAS SECUNDARIAS - NOMBRE PERSONAL |
| Nombre personal |
Bray, Dennis. |
| 9 (RLIN) |
9 |
| 700 1# - ENTRADAS SECUNDARIAS - NOMBRE PERSONAL |
| Nombre personal |
Hopkin, Karen. |
| 9 (RLIN) |
10 |
| 700 1# - ENTRADAS SECUNDARIAS - NOMBRE PERSONAL |
| Nombre personal |
Johnson, Alexander. |
| 9 (RLIN) |
11 |
| 700 1# - ENTRADAS SECUNDARIAS - NOMBRE PERSONAL |
| Nombre personal |
Lewis, Julian. |
| 9 (RLIN) |
12 |
| 700 1# - ENTRADAS SECUNDARIAS - NOMBRE PERSONAL |
| Nombre personal |
Raff, Martin. |
| 9 (RLIN) |
13 |
| 700 1# - ENTRADAS SECUNDARIAS - NOMBRE PERSONAL |
| Nombre personal |
Roberts, Keith. |
| 9 (RLIN) |
14 |
| 700 1# - ENTRADAS SECUNDARIAS - NOMBRE PERSONAL |
| Nombre personal |
Walter, Peter. |
| 9 (RLIN) |
15 |
| 942 ## - ADDED ENTRY ELEMENTS (KOHA) |
| Source of classification or shelving scheme |
Dewey Decimal Classification |
| Item type |
Libros |